| 000 | 00462nam a2200169Ia 4500 | ||
|---|---|---|---|
| 999 |
_c34776 _d34776 |
||
| 003 | OSt | ||
| 005 | 20200204151900.0 | ||
| 008 | 190216s9999||||xx |||||||||||||| ||und|| | ||
| 040 | _coclc | ||
| 082 |
_a320.1 _bRAY/P |
||
| 100 |
_aRay, Amal _91758 |
||
| 245 | 0 |
_aPolitical Theory / _cAmal Ray |
|
| 260 |
_bThe World Press Pvt Ltd, _c1969. |
||
| 300 | _a526p | ||
| 650 | _aPolitical Science | ||
| 942 |
_cBK _2ddc _h320.1 _iRAY/P _k320.1 _mRAY/P |
||